000 01299aam a2200349 i 4500
001 768714001
003 CO-MdFUSB
005 20220204151216.0
007 ta
008 220204t2005 -usa|||| |||| 00| 0 eng d
020 _a1576583511
040 _bspa.
_aCO-MdFUSB
_cCO-MdFUSB
_dCO-MdFUSBC
_erda
041 _aeng
082 0 4 _a231.72
_223
_bM6471w
100 1 _aMiller, Darrow L.
_eautor
245 1 4 _aThe worldview of the Kingdom of God
_c/ Darrow L. Miller , Bob Moffitt , Scott D. Allen
264 1 _aEstados Unidos :
_bYWAM Publishing,
_c[2005]
264 4 _c© 2005
300 _a155 páginas
_c; 21 cm
336 _atexto
_btxt
_2rdacontent
337 _2rdamedia
_asin mediación
_bn
338 _2rdacarrier
_avolumen
_bnc
490 _aKingdom Lifestyle Bible Studies,
505 _a- ¿Qué es una cosmovisión - Cosmovisiones en el trabajo en el mundo. - La verdad sobre la realidad última - Una mirada bíblica a la humanidad - La gloria de la creación - El significado de la historia - El ABC de la cultura. -- Ponerse en la cosmovisión bíblica.
563 _aRústico
650 7 _9219
_aReino de Dios
700 _96074
_aMoffitt, Bob,
_eautor
700 _96075
_aAllen, Scott ‎D.,
_eautor
942 _cBK
945 _aJTF-925
999 _c42717
_d42717